LEADER 01009nam a2200253 u 4500 001 000000034658 003 CaOOAMICUS 005 20070226112510.0 008 980210s1997 it u000 u ita u 020 $a8814066981 035 $a10782022 040 $aPUL$bita 100 1 $aFortino, Marcella.$0(OLS)http://pul/name/26689 245 10$aDiritto di famiglia :$bi valori, i princìpi, le regole /$cMarcella Fortino. 260 $aMilano :$bGiuffrè,$cc1997. 300 $axiii, 420 p. ;$c24 cm 650 4$aFamiglia (diritto).$0(OLS)http://pul/subject/1842 850 $aPUL 852 $aPUL$W1$xSL Diritto e Scienze Sociali 1$y4$m172 D 138$j47424$nBK-PRI$b $qStampati$B47424$CPULBib$Z2$F47424 $H $81 941 1 $a8 961 $aINV: 77393 996 $6020$a8814066981$9(OLS)http://pul/number/43597 996 $6245$aDiritto di famiglia :$bi valori, i princìpi, le regole$9(OLS)http://pul/title/47740 996 $6260$aMilano :$bGiuffrè$9(OLS)http://pul/publisher/48401 LEADER 01302nam a2200265 a 4500 001 000000164956 003 CaOOAMICUS 005 20171214162428.0 008 171214s1991 it m u001 u eng d 032 $aLibriCat 040 $aPUL$bita 100 1 $aSuratman, Stephanus.$0(OLS)http://pul/name/106160 245 14$aThe role of the laity in a dynamic process of becoming a church as the Sacrament of Salvation : $bideal and reality in Indonesia / $cStephanus Suratman . 260 $aRoma :$b[s.n.],$c1991. 300 $a120 p. ;$c24 cm. 502 $aEstratto di Tesi-- Pontificia Università Urbaniana, Facoltà di Teologia. 1991. 504 $aBibliografia in nota a piè pagina. 650 04$aLaicità.$0(OLS)http://pul/subject/38693 710 2 $aPontificia Università Urbaniana.$bFacoltà di teologia$kTesi.$0(OLS)http://pul/name/81495 850 $aPUL 852 $aPUL$W1$xDP1 Tesi Pon. Univ. Urbaniana$y49$mTH URB 217$j189180$qTesi$B192272$CPULBib$Z2$F192272 $H71630 $82 941 1 $a16 996 $6245$aThe role of the laity in a dynamic process of becoming a church as the Sacrament of Salvation : $bideal and reality in Indonesia / $9(OLS)http://pul/title/204646 996 $6260$aRoma :$b[s.n.]$9(OLS)http://pul/publisher/47958